Marketing malého, stredného a rodinného podnikania

Guardado en:
Detalles Bibliográficos
Autor principal: Strážovská, Ľubomíra
Otros Autores: Lipková, Ľudmila, Horbulák, Zsolt, 1972-
Formato: Libro
Lenguaje:eslovaco
Publicado: Bratislava Sprint 2 s.r.o. 2018
Edición:1. vydanie
Colección:Economics
Materias:
Etiquetas: Agregar Etiqueta
Sin Etiquetas, Sea el primero en etiquetar este registro!

MARC

LEADER 00000nam a2200000 4500
001 0250519
005 20240221114211.5
020 |a 978-80-89710-43-0 
041 0 |a slo 
044 |a SK 
245 1 0 |a Marketing malého, stredného a rodinného podnikania  |c Ľubomíra Strážovská ; recenzenti: Ľudmila Lipková, Zsolt Horbulák 
250 |a 1. vydanie 
264 1 |a Bratislava  |b Sprint 2 s.r.o.  |c 2018 
300 |a 156 s. 
490 1 |a Economics 
830 0 |a Economics 
610 2 0 |a marketing 
610 2 0 |a podnikanie malé 
610 2 0 |a podnikanie stredné 
610 2 0 |a podnikanie rodinné 
610 2 0 |a podpora podnikania 
610 2 0 |a zákony 
610 2 0 |a Slovensko 
610 2 0 |a Európska únia 
100 1 |a Strážovská, Ľubomíra 
700 1 |a Lipková, Ľudmila 
700 1 |a Horbulák, Zsolt, 1972-